000 00746nam a2200253 i 4500
001 27462
003 ES-MaACL
005 20230906153624.0
007 t|
008 030114s1986 fr ||||1| fre d
020 _a2-13039736-0
100 1 _aAubenque, Pierre.
_923787
245 1 3 _aLa prudence chez Aristote /
_cPierre Aubenque.
250 _a3eme ed. rev. y aum.
260 _aParís :
_bPresses Universitaires de France,
_c1986.
300 _a220 p. ;
_c22 cm.
490 1 _aEnsayistas
500 _aContiene apéndice sobre la prudencia en Kant.
504 _aBibliografía : p. 214-218.
700 1 _aPeña, Vidal.
_990248
830 0 _aEnsayistas
_9177257
852 _aES-MaACL
_jL-10831
_bR.112510
999 _c27462
_d27462